Statistics for San Jose (SJC) Airport Destinations

Click here to take the quiz!

General Stats

  • This quiz has been taken 196 times
    (157 since last reset)
  • The average score is 37 of 50

Answer Stats

HintAnswer% Correct
Alaska Air, American, Delta, Delta Connection, SouthwestLos Angeles
94%
All Nippon AirwaysTokyo-Narita
94%
Alaska Air, SouthwestSan Diego
91%
JetBlueNew York-JFK
90%
Hainan AirBeijing
89%
Alaska Air, Delta Connection, SouthwestSeattle/Tacoma
89%
Alaska Air, Hawaiian AirHonolulu
88%
SouthwestHouston-Hobby
88%
United, United ExpressHouston-Intercontinental
88%
Delta, SouthwestLas Vegas
88%
British AirwaysLondon-Heathrow
88%
Alaska Air, SouthwestPortland (OR)
88%
AmericanDallas/Fort Worth
87%
Alaska Air, SouthwestDallas-Love
87%
Frontier, Southwest, United, United ExpressDenver
86%
American, American Eagle, SouthwestPhoenix
86%
Air Canada ExpressVancouver
85%
Delta, FrontierAtlanta
84%
Delta, Delta Connection, SouthwestSalt Lake City
83%
Air ChinaShanghai-Pudong
83%
SouthwestChicago-Midway
82%
American Airlines, UnitedChicago O'hare
82%
LufthansaFrankfurt
82%
JetBlueBoston
81%
Alaska Air, Frontier, SouthwestAustin
80%
FrontierSan Antonio
77%
DeltaMinneapolis
76%
Alaska Air, UnitedNewark
74%
Alaska Air, SouthwestBoise
72%
Alaska Air, SouthwestReno/Tahoe
72%
SouthwestAlbuquerque
71%
AmericanCharlotte
71%
Aeromexico, Alaska Air, VolarisGuadalajara
71%
SouthwestBaltimore
69%
Alaska Air, SouthwestOrange County
68%
JetBlueLong Beach
66%
Alaska AirTucson
63%
Alaska Air, SouthwestBurbank
62%
SouthwestNew Orleans
61%
SouthwestSt. Louis
61%
Alaska AirKailua-Kona
60%
SouthwestSpokane
60%
Alaska Air, SouthestSan Jose del Cabo
58%
Alaska Air, Hawaiian AirKahului
55%
Alaska AirLihue
52%
Alaska AirEugene
49%
FrontierCincinnati
44%
FrontierTulsa
32%
VolarisZacatecas
24%
VolarisMorelia
22%

Score Distribution

Percentile by Number Answered

Percent of People with Each Score

Your Score History

You have not taken this quiz since the last reset